Napoléon - Statistiques

Statistiques générales
  • Ce quiz a été pris 23 fois
    4 depuis la dernière actualisation
  • Le résultat moyen est 32 sur 66
Statistiques - réponses
Thèmes Indices Réponses % Correct
Année de ce coup d'État. 1799
100%
Ville de naissance. Ajaccio
100%
La ville est connue pour la célèbre bataille du pont qui s'est tenue entre le 15 et le 17 novembre 1796 quand Napoléon Bonaparte battit les Autrichiens. Arcole
100%
Île où il fut exilé une première fois. Elbe
100%
Quand Napoléon arrive au pouvoir, il décide en 1802 de rétablir ce système d'exploitation dans certaines colonies françaises, notamment aux Antilles, par la loi du 20 mai 1802. Esclavagisme
100%
Frère aîné de Napoléon Bonaparte, devenu Roi d'Espagne entre 1808 et 1813. Sa sépulture se trouve aux Invalides. Joseph Bonaparte
100%
Le 14 juin 1800, l'armée française commandée par le général Bonaparte affronte l'armée autrichienne dirigée par le baron von Melas dans le Piémont (Italie). Cette bataille se termine par la victoire française. L'arrivée de la cavalerie du général Desaix permet aux Français, en situation difficile, de faire basculer l'issue de la bataille en leur faveur. - VICTOIRE La bataille de Marengo
100%
Le 21 juillet 1798, Napoléon bat les Mamelouks grâce à une formation de combat inédite. Il dispose ses troupes en carrés. 3 jours plus tard, Napoléon entre au Caire. La bataille des Pyramides
100%
Il vend ce territoire aux Etats-Unis en 1803. Louisiane
100%
Neveu de Napoléon et qui fut une figure incontournable de l'histoire de France au XIXᵉ siècle. Il a marqué son époque en tant que premier président de la République française et, par la suite, en tant qu'empereur du Second Empire. Napoléon III/Louis-Napoléon Bonaparte
100%
Lieu du sacre de Napoléon. Notre-Dame-de-Paris
100%
Île anglaise où il meurt en 1821. Sainte-Hélène
100%
Biographie Année de naissance. 1769
67%
Cette bataille s’est déroulée en Belgique le 18 juin 1815, à vingt kilomètres au sud de Bruxelles, Elle a inspiré les artistes, de Victor Hugo à Abba. C’est la grande défaite de Napoléon. La victoire des Anglais et des Prussiens met fin à 25 ans de furie guerrière. L’Europe sera en paix pendant 50 ans. - DÉFAITE Bataille de Waterloo
67%
À cause de la politique précédente qui entrave la livraison de sucre de canne, Napoléon incite alors à faire des recherches sur la fabrication industrielle d'un autre type de sucre. Un décret impérial exige la plantation de 100 000 ha de ... Betterave
67%
Épisode important de l'histoire du Premier Empire, c'est une politique suivie par Napoléon Ier, qui tentait de ruiner le Royaume-Uni en l'empêchant de commercer avec le reste de l'Europe. Il prend fin en avril 1814, avec le départ de Napoléon. Blocus continental
67%
En dépit des succès remportés par ses troupes lors de cette campagne (afin de réprimer le soulèvement antifrançais), notamment jusqu'à la capitale, jamais Napoléon ne revint parachever sa conquête, se contentant de laisser dans ce pays d'importants contingents qui s'y usèrent pendant les cinq années à venir. Campagne de Napoléon en Espagne
67%
Commandant des Anglais lors de la bataille précédente. Duc de Wellington
67%
Campagnes, traités et guerres Il conduit la campagne dans ce pays qui se double d'une expédition scientifique à l'origine de l'égyptologie moderne. Égypte
67%
Il l'épouse le 9 mars 1796. Elle naît d'une famille de Békés (blanc créole descendant des premiers colons) dans une grande propriété de la Martinique. Joséphine de Beauharnais
67%
C’est la plus grande victoire de Napoléon, le 2 décembre 1805. On considère cette bataille comme un chef d'œuvre de tactique. Les écoles militaires l’enseignent toujours à leurs élèves. Il est en infériorité numérique. Son plan est donc de piéger ses adversaires russe et autrichien. - VICTOIRE La bataille d'Austerlitz
67%
Le 19 octobre 1812, la Grande Armée quitte Moscou et entame sa pénible retraite. Un mois plus tard, le 25 novembre 1812, elle atteint la rivière Bérézina qui lui barre la route de l’ouest. Attaquée par les Russes, elle échappe de peu à la destruction grâce au sacrifice des pontonniers du général Eblé qui construisent deux ponts permettant à la majeure partie de l’armée de franchir la rivière les 27 et 28 novembre. La bataille n’en est pas moins une victoire tactique pour Napoléon qui se dégage ainsi d’une situation très compromise. - VICTOIRE La bataille de la Bérézina
67%
Du 16 au 19 octobre 1813, plus de 500 000 hommes s’affrontent sur le champ de bataille. Cette bataille met fin à la très ancienne influence française en Allemagne. Désormais, le champ sera libre pour l’unification des Allemands en un seul État. Deux rivaux s’opposent, l’Autriche et la Prusse. C’est cette dernière qui parviendra à ses fins. - DÉFAITE La bataille de Leipzig
67%
Bataille sanglante le 21 octobre 1805 face à la flotte anglaise et au génie tactique de l’amiral Nelson qui meurt au combat, avec 6000 autres marins… Napoléon doit renoncer à son projet d’invasion du Royaume-Uni. - DÉFAITE La bataille de Trafalgar
67%
Bataille qui s’est déroulée en Allemagne le 14 octobre 1806. Napoléon et le maréchal Davout écrasent la Prusse. Le royaume s’effondre ensuite en quelques semaines. - VICTOIRE La bataille d’Iéna
67%
Napoléon Bonaparte souhaite imposer un embargo au Royaume-Uni dont le pays recherché est un allié et partenaire commercial. Menée par le général Junot, l'invasion débute le 17 novembre 1807. Ces derniers résistent, le soulèvement de l'Espagne contre les Français et le débarquement d'un corps expéditionnaire britannique amènent Junot à se retirer. La première invasion napoléonienne du Portugal
67%
Cette date et action marque la fin du Directoire et le début du Consulat. Bien que les événements décisifs se déroulent le 19 au château de Saint-Cloud, c'est ce jour-là que les conjurés mettent en place le dispositif. Le coup d'État du 18 brumaire
67%
Traité signé le 17 octobre 1797 entre Napoléon Bonaparte, commandant en chef de l'armée française d'Italie, représentant le gouvernement de la République française, et le comte Louis de Cobentzel, représentant l'empereur François II du Saint-Empire, chef de la maison d'Autriche, met fin à la guerre franco-autrichienne. Le traité de Campo-Formio
67%
Le président du conseil susnommé et l'autre frère de Napoléon. Lucien Bonaparte
67%
Sa deuxième femme, une princesse de 18 ans. Napoleon a besoin d'elle pour rétablir la paix après 18 ans de guerre entre l'Autriche et la France. Marie-Louise d'Autriche
67%
Cette bataille a eu lieu les 13 et 14 janvier 1797 dans le Nord de l'Italie, entre l'armée française et l'armée autrichienne pendant la première campagne d'Italie. Rivoli
67%
Ce diplôme est réorganisé et comprend les disciplines suivantes : lettres, sciences, droit, médecine et théologie. Il devient alors un grade d'État. Il est impératif d'obtenir celui des lettres pour se présenter aux autres matières. Baccalauréat
33%
Créations de Napoléon Institution créée en 1800, absorbant l’ancienne Caisse des Comptes courants. Banque de France
33%
Nom donné à la période où il gouverna entre ses deux exils. Cent-Jours
33%
Napoléon est l’inventeur de ce texte juridique français important promulgué le 21 mars 1804, dans le but de rassembler l’ensemble des lois françaises, après plusieurs tentatives avortées sous les précédents gouvernements. Code civil
33%
Traité entre la République française et le Saint-Siège réglant les relations entre la France et l'Église catholique. Comprenant 17 articles il fut signé le 15 juillet, puis ratifié le 15 août 1801 par le pape Pie VII et le 8 septembre par Napoléon Bonaparte, premier consul. Concordat
33%
Conférence de paix sous la houlette des quatre grands vainqueurs de la France qui s'est déroulée en septembre 1814. Ils décident du sort des territoires qui ont été bouleversés par les conquêtes napoléoniennes et reconstruire un ordre européen. Congrès de Vienne
33%
Nom de l'une des deux assemblées législatives françaises du Directoire, avec le Conseil des Anciens. Napoléon s'y confronte violemment. Conseil des Cinq-Cents
33%
Nom donné à l'événement où les insurgés madrilènes sont fusillés le 3 mai 1808 par l'armée d'occupation de Napoléon Ier. Un tableau de Francisco Goya commémore la scène. El tres de mayo
33%
Né à Pau. En 1804, il se rallie à Napoléon devenu Empereur. Il est nommé gouverneur à Hanovre, et reçoit le bâton de maréchal. En 1805, il dirigea un corps de la Grande Armée et se distingua en Autriche. En 1806, il devint prince de Ponte-Corvo. Il deviendra roi de Suède sous le nom de Charles XIV Jean et trahira même Napoléon pour défendre son nouveau pays aux côtés de la Russie. L'actuel roi de Suède en est le descendant. Jean-Baptiste Bernadotte
33%
Général de Napoléon. Particulièrement courageux, il a été blessé à de nombreuses reprises et est même décédé au combat, lors de la bataille d'Essling, en 1809. Il est notamment connu pour avoir sauvé Napoléon lors de la bataille précédente. Jean Lannes
33%
Général de Napoléon, il s'est particulièrement distingué durant la campagne d'Italie, ce qui lui a valu d'être nommé roi de Naples. Joachim Murat
33%
Ministre de la police générale et Duc d'Otrante, il est particulièrement connu pour son implication dans la répression violente de l'insurrection lyonnaise en 1793, et pour avoir été ministre de la Police sous le Directoire, le Consulat, l'Empire et la Seconde Restauration. Il est l'un des personnages les plus controversés de l'Histoire de France. Joseph Fouché
33%
Le 7 septembre 1812, 250 000 hommes sont sur le champ de bataille. Napoléon attaque de front. Les pertes aussi sont épouvantables. On compte plus de 30 000 hommes mis hors d’état de combattre du côté français, plus de 40 000 du côté russe. C’est une victoire tactique des Français. Elle n’a rien de décisive. Napoléon entre ensuite à Moscou, vidée de ses réserves et de ses habitants. C’est le prélude à la longue retraite de Russie. - VICTOIRE La bataille de la Moskova
33%
Les 5 et 6 juillet 1809, c’est la dernière grande victoire de Napoléon, sur la rive nord du Danube et à 10 km au nord-est de Vienne face à l'armée impériale autrichienne. Plus de 70 000 hommes s’entretuent. La Grande Armée de Napoléon montre ses premières faiblesses. - VICTOIRE La bataille de Wagram
33%
Bataille du 7 et 8 février 1807, c’est une victoire à la Pyrrhus. Un carnage pour pas grand chose. La bataille semble traumatiser les esprits du temps. Elle inspire Balzac. Son célèbre Colonel Chabert est considéré comme mort lors de la bataille. - VICTOIRE La bataille d’Eylau
33%
Napoléon ordonna sa construction, en 1806. L’empereur des Français ne sort pas cette idée de nulle part et s’inspire largement de la tradition romaine. L’Arc de Triomphe
33%
Napoléon rétablit les décorations nationales récompensant aussi bien les militaires que les civils. La première remise de décorations est organisée le 15 juillet 1804. Légion d’honneur
33%
N'accueillant que des garçons, il était destiné à éduquer et instruire, c'est à dire à « former » selon les idées des dirigeants, les futurs cadres civils et militaires du régime mis en place par la Constitution de l'an VIII. Lycée
33%
Noble polonaise connue pour avoir été « la femme polonaise » de Napoléon Ier avec laquelle il a eu un fils, Alexandre Colonna. Marie Walewska
33%
Généraux et personnes rattachées à son règne Général de division en 1799, il gagne la confiance du Premier Consul, qui fait de lui l’un de ses premiers maréchaux d'empire (1804). Napoléon le surnomme le « Brave des braves ». Il est présent lors de la déroute finale en Belgique. La phrase qu'on lui prête : « Soldats, visez droit au cœur ! » semble plus romanesque que véridique. Michel Ney
33%
Couleur des uniformes des soldats de Napoléon. Il justifiait cette couleur ainsi : « Si mes hommes et moi portons [cette couleur], si l'ennemi me blesse, le sang sera camouflé par mes vêtements. » Rouge
33%
Cette situation contribue à la Révolution haïtienne, qui aboutit à l’indépendance d’Haïti en 1804. Cet esclave affranchi joue un rôle historique de premier plan pendant la révolution haïtienne. Toussaint Louverture
33%
Homme de confiance de l'Empereur, il est nommé ambassadeur en Russie de 1807 à 1811, période pendant laquelle il noue une amitié sincère avec le tsar Alexandre Ier malgré les tensions entre les deux pays. Cela lui vaut des accusations de trahison envers l'Empire, mais il est l'un des plus fidèles serviteurs de Napoléon Ier, qui voit en lui « un homme de cœur et de droiture ». Il devient son confident pendant la campagne de Russie. Armand de Caulaincourt
0%
C'est l’un des grands penseurs du libéralisme. Il défend les libertés individuelles, la limitation du pouvoir et le parlementarisme. À l’inverse, Napoléon concentre le pouvoir entre ses mains et incarne un régime autoritaire, l'opposition est forte. En 1815, il collaborera avec Napoléon pour à la rédaction d’un projet de constitution plus libéral. Benjamin Constant
0%
Cet organisme, créé sous le Consulat, est chargé de rédiger les projets de lois, les règlements d'administration publique, et de résoudre les difficultés qui s'élèvent en matière administrative. Conseil d'État
0%
Cette juridiction financière de l'ordre administratif en France est chargée de contrôler la régularité des comptes publics de l'État, des établissements publics nationaux et des entreprises publiques. Cour des comptes
0%
Homme politique et Directeur promouvant l'accession au pouvoir de Napoléon Bonaparte. Emmanuel-Joseph Sieyès
0%
Fille de Jacques Necker, banquier genevois richissime, et de Suzanne Necker, fille de pasteur. Elle voit positivement la Révolution. Bonaparte la bannit et lui interdit de publier en France, la contraignant une seconde fois à l’exil. Elle s’installe alors dans le château familial à Coppet en Suisse, où elle devient l’une des personnalités intellectuelles les plus influente d’Europe, la grande voix du libéralisme, de la défense du féminisme et de l'abolition de l'esclavage. Germaine de Staël/Madame de Staël
0%
Auteur du célèbre tableau "Bonaparte franchissant le Grand-Saint-Bernard" en 1801 et du "Sacre de Napoléon" en 1804. Jacques-Louis David
0%
Député de la Révolution française. Bonaparte le nomme 2ème consul, archichancelier d'Empire en 1804 et il obtient le titre de duc de Parme en 1808. C'est alors un proche conseiller de Napoléon Ier. Jean-Jacques-Régis de Cambacérès
0%
Nom donné à la dernière phase de la guerre menée par la Sixième Coalition contre l'Empire français, qui se déroule de fin décembre 1813 à avril 1814, et pendant laquelle Napoléon Ier tente d'arrêter l'avancée en France des troupes de la coalition, et de conserver son trône. La campagne de France
0%
On doit à Napoléon cette drôle d’invention bien ancrée dans notre quotidien. Le 4 février 1805, il décide de classer les maisons : les numéros pairs à droite et les numéros impairs à gauche. À l’origine, l’objectif d’une telle mesure était de faciliter la collecte de l’impôt dans tout l’Empire. La numérotation des rues
0%
Nom de sa soeur préférée. Pauline Bonaparte
0%
Nommé par le Premier consul, ce fonctionnaire dirige le département. Il contrôle et anime le conseil général, désigne ou propose les maires. Préfet
0%
Système de mesure qu'il a contribué à répandre. Système métrique
0%
Aucun quiz correspondant
Distribution des résultats
% des personnes avec chaque résultat
Percentile par nombre de réponses
Votre historique - résultats
Vous n’avez pas pris ce quiz depuis la dernière actualisation